Fullness of the Holy Spirit (Record no. 19485)

MARC details
000 -LEADER
fixed length control field 00580nam a2200229 a 4500
020 ## - INTERNATIONAL STANDARD BOOK NUMBER
ISBN 9788184651041
082 00 - DEWEY DECIMAL CLASSIFICATION NUMBER
Classification number 231.3
Author Cutter JEO
100 ## - MAIN ENTRY--AUTHOR NAME
Author name Jeong, Sung
245 ## - TITLE STATEMENT
Title Fullness of the Holy Spirit
Sub title Introducince Christian Spirituality
260 ## - PUBLICATION, DISTRIBUTION, ETC. (IMPRINT)
Place of publication Delhi
Name of publisher ISPCK
Year of publication 2010
300 ## - PHYSICAL DESCRIPTION
Number of Pages 150
500 ## - GENERAL NOTE
General note includes index and biblioraphy
650 ## - SUBJECT ADDED ENTRY--TOPICAL TERM
Topical Term Holy Spirit
942 ## - ADDED ENTRY ELEMENTS (KOHA)
Koha item type Books
700 1# -
-- Jeong, Sung
Holdings
Collection code Home library Current library Date acquired Cost, normal purchase price Full call number Accession Number Koha item type
  Henry Martyn Institute Library Henry Martyn Institute Library 01/01/2005 165.00 231.3 JEO 11002857 Books
                   Copyright © 2026 | Henry Martyn Institute | Hyderabad | TS-500052 | INDIA | Implemented by hmi.edu.in
Hit-Count:

Powered by Koha